Cardinal arithmetic

Αποθηκεύτηκε σε:
Λεπτομέρειες βιβλιογραφικής εγγραφής
Κύριος συγγραφέας: Shelah, Saharon
Μορφή: Βιβλίο
Γλώσσα:English
Δημοσίευση: Oxford : Clarendon Press, 1994
Σειρά:Oxford logic guides ; ; 29
Θέματα:
Ετικέτες: Προσθήκη ετικέτας
Δεν υπάρχουν, Καταχωρήστε ετικέτα πρώτοι!

MARC

LEADER 00000nam a2200000 i 4500
001 1/52853
008 951024s1994 eng d
020 |a 0-19-853785-9 
035 |1 ΕΛΗ  |a 1995  |b 2410  |c ΧΑΡΑΛΑΜΠΟΥΣ  |l 10044540 
040 |a GR-MY-UA  |b gre  |e aacr 
041 0 |a eng 
082 0 |a 511.322 
100 1 |a Shelah, Saharon. 
245 1 0 |a Cardinal arithmetic /  |c Saharon Shelah 
260 |a Oxford :   |b Clarendon Press,   |c 1994 
300 |a xxxi, 481 p.;  |c 24 cm. 
490 1 |a Oxford logic guides  |v ; 29 
500 |a Includes bibliographical references (p. 471-481) and index 
650 0 0 |a Cardinal numbers. 
830 0 |a Oxford logic guides ;  |v ; 29 
852 |a INST  |b SAMOS  |e 19951024  |h 511.322 SHE  |p 005300012100  |q 005300012100  |t BK  |y 0 
901 |a BIBL-1997-2 
909 |a Σ  |b 051551